000 00675nam a2200229Ia 4500
005 20260429112147.0
008 260429s9999||||xx |||||||||||||| ||und||
020 _a9781032898858
041 _aEnglish
082 _a910.2856
_bJER
100 _aJerez-Jerez, Maria Jesus
245 0 _aRole of artificial intelligence in tourism and hospitality sector /
_cMaria Jesus Jerez-Jerez
250 _a1st ed.
260 _aLondon :
_bRoutledge,
_c2025.
300 _axv, 375 p.; pbk
650 _a Hospitality sector
650 _a Tourism
650 _aArtificial intelligence
700 _a Aguiar-Castillo, Lidia
700 _a Sevilla-Sevilla, Claudia
942 _cTB
999 _c52658
_d52658